Представление документа в формате MARC21

ПолеНазваниеЗначение
  Тип записи a
  Библиографический уровень m
001 Контрольный номер RU\infra-m\znanium\bibl\2164861
005 Дата корректировки 20260429142125.3
008 Кодируемые данные 250408s2024 RU g rus u
020 Индекс ISBN __
a ISBN 978-5-16-020246-4
020 Индекс ISBN __
a ISBN 978-5-16-112784-1 (электр. издание)
040 Источник каталогиз. __
a Служба первич. каталог. Общество с ограниченной ответственностью «ЗНАНИУМ»
041 Код языка издания __
a Код языка текста rus
044 Код страны публикации __
a Код страны публикации RU
080 Индекс УДК __
a Индекс УДК 574(075.4)
084 Индекс другой классификации/Индекс ББК __
2 Источник индекса rubbk
a Индекс другой классификации/Индекс ББК 20.1
084 Индекс другой классификации/Индекс ББК __
2 Источник индекса okso
a Индекс другой классификации/Индекс ББК 05.04.06
084 Индекс другой классификации/Индекс ББК __
2 Источник индекса okso
a Индекс другой классификации/Индекс ББК 05.06.01
100 Автор __
a Автор Щербатюк А.П.
q Полное имя Щербатюк Андрей Петрович
u Дополнение Забайкальский государственный университет
245 Заглавие __
a Заглавие Атмоэкодиагностика урбанизированных геосистем межгорных котловин (на примере Забайкалья)
b Продолж. заглавия Монография
c Ответственность Забайкальский государственный университет
250 Сведения об издании __
a Основные сведения об издании 1
260 Выходные данные __
a Место издания Москва
b Издательство ООО "Научно-издательский центр ИНФРА-М"
c Дата издания 2024
300 Физическое описание __
a Объем 188 с.
440 Серия __
a Серия Научная мысль
520 Аннотация __
a Аннотация В монографии представлено новое направление экодиагностики — атмоэкодиагностика на примере урбанизированных геосистем межгорных котловин. Выявлены причинно-следственные связи между уровнем трансформации воздушной среды территорий и степенью дискомфортности условий для жизнедеятельности населения. Разработаны и обоснованы способы повышения устойчивости территорий к антропогенным воздействиям способствующим улучшению условий жизнедеятельности населения. Адресована специалистам по исследованию процессов загрязнения воздушной среды а также может быть полезно студентам магистрантам и аспирантам обучающимся по направлению подготовки 20.03.01 «Техносферная безопасность» по дисциплине «Экоэкспертиза оценка воздействия на окружающую среду и лицензирование».
521 Примеч. о цел. назн. __
a Примеч. о целев. назн. Дополнительное профессиональное образование
650 Тематические рубрики __
a Основная рубрика Науки о Земле. Экология
x Основная подрубрика Отраслевая и прикладная экология
655 Указ. предметных рубрик (устаревшее) __
a Жанр/ форма (устаревшее) Монография
856 Электронный адрес документа 4_
a Имя сервера/домена znanium.ru
m Помощь ebs_support@infra-m.ru
n Местонахождение сервера НИЦ ИНФРА-М
u URL https://znanium.ru/catalog/document?id=452489
856 Электронный адрес документа 48
a Имя сервера/домена znanium.ru
d Путь /cover/2164
f Электронное имя 2164861.jpg
q Тип электронного формата image/jpeg
u URL https://znanium.ru/cover/2164/2164861.jpg
911 __
u 0030=https://znanium.ru/catalog/document?id=452489